000
00312nam a2200133Ia 4500
008
220204s9999 xx 000 0 und d
082
_a
001
_b
KHA
100
_a
O P
245
0
_a
General knowledge refresher
250
_a
Ed.6
260
_a
Chandigarh
_b
Khanna
_c
1975
650
_a
General knowledge
942
_c
BK
999
_c
22932
_d
22932